[Event "6th Lost Boys tournament, Group A"]
[Site "Antwerp"]
[Date "1998.07.31"]
[Round "1"]
[White "Piket, Jeroen"]
[Black "Van Mechelen, Jan"]
[Result "1-0"]
[WhiteElo "2605"]
[BlackElo "2280"]
[WhiteTitle "GM"]
[BlackTitle "FM"]
[Board "6"]
[Source "Official site"]

1. d4 Nf6 2. c4 g6 3. Nc3 Bg7 4. e4 d6 5. h3 O-O 6. Bg5 Na6 7. Nf3 Qe8 8. a3
e5 9. dxe5 dxe5 10. b4 c6 11. c5 Nc7 12. Qd6 Ne6 13. Bc4 Nxg5 14. Nxg5 h6
15. Nf3 Be6 16. Bxe6 Rd8 17. Qc7 Qxe6 18. Qxb7 Qc4 19. Rc1 Nh5 20. Ne2 Qxe4
21. Kf1 Qd3 22. Ne1 Qxa3 23. Qxc6 Qxb4 24. Qa6 Ra8 25. Rc4 Qb2 26. Rc2 Qb3
27. h4 Rfb8 28. Rh3 Qb7 29. Ra3 Qe7 30. c6 Rc8 31. Rb3 Nf4 32. Qb7 Nd5 33. c7
Nb6 34. h5 e4 35. hxg6 fxg6 36. Re3 Re8 37. Ng3 Qd7 38. Rxe4 Rxe4 39. Nxe4 Rc8
40. Qxa7 Nd5 41. Rc5 Bd4 42. Qa2 1-0

[Event "6th Lost Boys tournament, Group A"]
[Site "Antwerp"]
[Date "1998.07.31"]
[Round "1"]
[White "de Jong, Migchiel"]
[Black "Avrukh, Boris Leonidovich"]
[Result "0-1"]
[WhiteElo "2280"]
[BlackElo "2565"]
[BlackTitle "GM"]
[Board "7"]
[Source "Official site"]

1. e4 c5 2. Nf3 d6 3. c3 Nf6 4. Be2 g6 5. O-O Bg7 6. Bb5+ Nbd7 7. Re1 O-O
8. d4 cxd4 9. cxd4 a6 10. Bf1 b5 11. a3 Bb7 12. d5 Nc5 13. Nc3 e6 14. Bf4 exd5
15. exd5 Qd7 16. Rb1 Rae8 17. g3 Rxe1 18. Nxe1 Re8 19. Nc2 Na4 20. Nxa4 Nxd5
21. Nb6 Nxb6 22. Qxd6 Qxd6 23. Bxd6 Be4 24. Re1 Re6 25. Bc5 Bxc2 26. Rxe6 fxe6
27. Bxb6 Bxb2 28. Bc5 e5 29. Bg2 e4 30. f3 e3 31. f4 Bd3 32. Bd5+ Kg7 33. Kg2
e2 34. Kf2 Bc3 0-1

[Event "6th Lost Boys tournament, Group A"]
[Site "Antwerp"]
[Date "1998.07.31"]
[Round "1"]
[White "Leitão, Rafael Duailibe"]
[Black "Sadkowski, Daniël"]
[Result "1-0"]
[WhiteElo "2550"]
[BlackElo "2280"]
[WhiteTitle "IM"]
[Board "8"]
[Source "Official site"]

1. d4 Nf6 2. c4 e6 3. Nc3 Bb4 4. Qc2 c5 5. dxc5 Na6 6. a3 Bxc3+ 7. Qxc3 Nxc5
8. b4 Nce4 9. Qb2 d5 10. c5 d4 11. e3 e5 12. Bb5+ Bd7 13. Bxd7+ Qxd7 14. Nf3
Ng4 15. O-O O-O-O 16. h3 h5 17. exd4 exd4 18. Bf4 Qf5 19. Qc1 Nc3 20. Re1 Rhe8
21. Rxe8 Rxe8 22. Nxd4 Qd3 23. Qd2 Qxd4 24. Qxd4 Ne2+ 25. Kf1 Nxd4 26. hxg4 Re4
27. g3 hxg4 28. Rd1 a5 29. bxa5 Nc6 30. a6 bxa6 31. Rd6 Re6 32. Rxe6 fxe6
33. Ke2 Kd7 34. Kd3 e5 35. Bd2 Nd4 36. Ke4 Nf3 37. Be3 Ke6 38. a4 g6 39. a5 Ne1
40. c6 Nf3 41. c7 Kd7 42. Bb6 Kc8 43. Kd5 Kd7 44. Kc4 Ng5 45. Kc5 Ne6+ 46. Kd5
Nxc7+ 47. Kxe5 Ne6 48. Be3 Ke7 49. Kd5 Kd7 50. Bf4 Nd8 51. Bd2 Ne6 52. Be3 Nd8
53. Ke4 Ne6 54. Ke5 Ke7 55. Ba7 Kd7 56. Kf6 Kd6 57. Kxg6 Ke5 58. Bb6 Ke4
59. Kf6 Nf8 60. Kg5 Kf3 61. Kf5 Nd7 62. Ke6 Nf8+ 63. Kd5 1-0

[Event "6th Lost Boys tournament, Group A"]
[Site "Antwerp"]
[Date "1998.07.31"]
[Round "1"]
[White "Boey, Jozef Martin"]
[Black "Mikhalevski, Victor"]
[Result "0-1"]
[WhiteElo "2275"]
[BlackElo "2485"]
[WhiteTitle "IM"]
[BlackTitle "IM"]
[Board "9"]
[Source "Official site"]

1. e4 e5 2. Nf3 Nc6 3. Bb5 a6 4. Ba4 Nf6 5. O-O Nxe4 6. d4 b5 7. Bb3 d5
8. Nxe5 Nxe5 9. dxe5 c6 10. Be3 Be7 11. Nd2 Nc5 12. c3 Nd3 13. f4 Nxb2 14. Qf3
Bf5 15. g4 Bd3 16. f5 Bxf1 17. Rxf1 Qc7 18. Bc2 Qxe5 19. Bd4 Qc7 20. Bxg7 Rg8
21. f6 Bc5+ 22. Kh1 O-O-O 23. Bxh7 Rge8 24. Nb3 Bb6 25. Bh6 Qe5 26. Bc1 Nc4
27. Nd4 Kb7 28. g5 Bxd4 29. Bf4 Qe6 30. cxd4 Rh8 31. Bd3 Rh3 32. Bg3 Nd2
33. Qf5 Nxf1 34. Qxe6 Nxg3+ 35. Kg2 fxe6 36. Kxh3 Nh5 37. Kg4 Rh8 38. h4 c5
39. Bg6 Nxf6+ 40. gxf6 cxd4 41. Kg5 Kc7 42. h5 Kd7 43. h6 e5 44. Bf7 e4
45. Bxd5 e3 46. Kg6 e2 47. Kg7 Rd8 0-1

[Event "6th Lost Boys tournament, Group A"]
[Site "Antwerp"]
[Date "1998.07.31"]
[Round "1"]
[White "Reinderman, Dimitri"]
[Black "Docx, Stefan"]
[Result "1-0"]
[WhiteElo "2540"]
[BlackElo "2275"]
[WhiteTitle "GM"]
[BlackTitle "FM"]
[Board "10"]
[Source "Official site"]

1. c4 Nf6 2. Nc3 e5 3. Nf3 Nc6 4. e4 Bb4 5. d3 h6 6. g3 O-O 7. Bg2 d6 8. O-O
Bd7 9. h3 Bc5 10. Na4 Qe7 11. Nxc5 dxc5 12. Be3 Rfd8 13. Ne1 Be6 14. b3 Qd7
15. Kh2 Nb4 16. f4 Bg4 17. Qd2 Nxd3 18. hxg4 Nxg4+ 19. Kg1 Nxf4 20. gxf4 Qxd2
21. Bxd2 Rxd2 22. Nf3 Rxg2+ 23. Kxg2 Ne3+ 24. Kf2 Nxf1 25. fxe5 Kf8 26. Rxf1
Ke7 27. Ke3 Rd8 28. Nh4 g6 29. Ng2 c6 30. Nf4 b6 31. Nd3 1-0

[Event "6th Lost Boys tournament, Group A"]
[Site "Antwerp"]
[Date "1998.08.01"]
[Round "1"]
[White "Dutreeuw, Marc"]
[Black "Van Herck, Marcel"]
[Result "1-0"]
[PlyCount "55"]
[WhiteElo "2400"]
[BlackElo "2215"]
[WhiteTitle "IM"]
[Board "32"]
[Source "Personal correspondence"]

1. e4 d6 2. d4 Nf6 3. Bd3 g6 4. Nf3 Bg7 5. h3 c5 6. c3 O-O 7. O-O Nc6 8. d5
Ne5 9. Nxe5 dxe5 10. Be3 b6 11. a4 e6 12. dxe6 Bxe6 13. Qe2 Nh5 14. Nd2 Nf4
15. Bxf4 exf4 16. Bc4 Qe7 17. Bxe6 Qxe6 18. Qc4 Rfe8 19. f3 Qd7 20. Rfd1 Rad8
21. Qb5 Qe6 22. Nf1 h5 23. a5 Be5 24. axb6 axb6 25. Rd5 Bc7 26. Ra7 Qe7 27. Qc6
Rxd5 28. Rxc7 1-0

[Event "6th Lost Boys tournament, Group A"]
[Site "Antwerp"]
[Date "1998.08.01"]
[Round "2"]
[White "Azmaiparashvili, Zurab"]
[Black "Ernst, Sipke"]
[Result "1-0"]
[WhiteElo "2655"]
[BlackElo "2420"]
[WhiteTitle "GM"]
[Board "1"]
[Source "Official site"]

1. c4 e5 2. Nc3 Nf6 3. Nf3 Nc6 4. g3 d5 5. cxd5 Nxd5 6. Bg2 Nb6 7. O-O Be7
8. Rb1 O-O 9. b4 e4 10. Nxe4 Nxb4 11. a3 N4d5 12. Qc2 Re8 13. Bb2 Bf5 14. d3 c6
15. Ned2 Nc7 16. a4 Bf8 17. e4 Bg6 18. Ne5 Na6 19. Bc3 Nc5 20. a5 Nba4 21. Ba1
Qxa5 22. d4 Ne6 23. f4 Nd8 24. f5 Bh5 25. g4 Rxe5 26. Nc4 Bxg4 27. Nxa5 Rxa5
28. Rf4 Bh5 29. Rh4 g6 30. Rxh5 gxh5 31. Qd2 Rb5 32. Rxb5 cxb5 33. Qg5+ 1-0

[Event "6th Lost Boys tournament, Group A"]
[Site "Antwerp"]
[Date "1998.08.01"]
[Round "2"]
[White "Mariasin, Boris"]
[Black "Piket, Jeroen"]
[Result "0-1"]
[WhiteElo "2380"]
[BlackElo "2605"]
[BlackTitle "GM"]
[Board "5"]
[Source "Official site"]

1. e4 c5 2. Nc3 Nc6 3. g3 g6 4. Bg2 Bg7 5. d3 e6 6. Be3 d6 7. Qd2 b6 8. h4 h5
9. Nh3 Bb7 10. O-O Qd7 11. f4 Nh6 12. Nf2 Nd4 13. Rab1 d5 14. f5 gxf5 15. exd5
e5 16. b4 Rc8 17. bxc5 Rxc5 18. Rbe1 Kf8 19. Bxd4 exd4 20. Ne2 Bxd5 21. Bxd5
Qxd5 22. Nf4 Qd6 23. N2h3 Ng4 24. Qg2 Be5 25. Ng5 Ne3 26. Rxe3 dxe3 27. Qa8+
Qb8 28. Qg2 Bxf4 29. Rxf4 Qe8 30. Qe2 f6 31. Nf3 Rg8 32. d4 Rxg3+ 33. Kh2 Rg4
34. Rxg4 hxg4 35. Ne1 Rc3 36. Kg1 Qe4 37. Qb5 Qxd4 38. Qxf5 e2+ 39. Kg2 Rf3 0-1

[Event "6th Lost Boys tournament, Group A"]
[Site "Antwerp"]
[Date "1998.08.01"]
[Round "2"]
[White "Avrukh, Boris Leonidovich"]
[Black "Donk, Merlijn Silvester"]
[Result "1-0"]
[WhiteElo "2565"]
[BlackElo "2345"]
[WhiteTitle "GM"]
[BlackTitle "FM"]
[Board "6"]
[Source "Official site"]

1. d4 Nf6 2. c4 e6 3. Nf3 d5 4. Nc3 c5 5. cxd5 Nxd5 6. e4 Nxc3 7. bxc3 cxd4
8. cxd4 Bb4+ 9. Bd2 Bxd2+ 10. Qxd2 O-O 11. Bc4 Nc6 12. O-O b6 13. Rad1 Bb7
14. Rfe1 Rc8 15. d5 Na5 16. Bd3 exd5 17. e5 Nc4 18. Qf4 Nb2 19. Bxh7+ Kxh7
20. Ng5+ Kg6 21. h4 Rc4 22. h5+ Kxh5 23. g4+ Kh6 24. Qh2+ 1-0

[Event "6th Lost Boys tournament, Group A"]
[Site "Antwerp"]
[Date "1998.08.01"]
[Round "2"]
[White "Mikhalevski, Victor"]
[Black "Giddins, Stephen"]
[Result "0-1"]
[WhiteElo "2485"]
[BlackElo "2350"]
[WhiteTitle "IM"]
[BlackTitle "FM"]
[Board "8"]
[Source "Official site"]

1. d4 e6 2. c4 Nf6 3. g3 d5 4. Bg2 dxc4 5. Nf3 Nc6 6. O-O Rb8 7. e3 Be7 8. Qe2
b5 9. Rd1 O-O 10. e4 Nb4 11. Ne1 Re8 12. Nc3 Bd7 13. a3 Nd3 14. Nxd3 cxd3
15. Rxd3 Bc6 16. b4 a5 17. Rb1 axb4 18. axb4 Ra8 19. Qc2 Qd7 20. Bf4 Ra3 21. e5
Ng4 22. Nxb5 Bxg2 23. Rxa3 Bh3 24. Nxc7 Rc8 25. Rc3 g5 26. Be3 Nxe3 27. fxe3
Bf5 28. Nd5 Bxc2 29. Rxc8+ Kg7 30. Rxc2 Qxd5 31. Rc3 Qb5 32. Rf1 Qxb4 33. Rc7
Kg6 34. Kg2 g4 35. Rc2 Qb7+ 36. Kg1 Bg5 37. Re2 Qe4 38. Kf2 h5 39. Rfe1 h4
40. gxh4 Bxh4+ 41. Kg1 0-1

[Event "6th Lost Boys tournament, Group A"]
[Site "Antwerp"]
[Date "1998.08.01"]
[Round "2"]
[White "Stefánsson, Hannes Hlífar"]
[Black "Le Quang, Kim"]
[Result "1-0"]
[WhiteElo "2535"]
[BlackElo "2345"]
[WhiteTitle "GM"]
[BlackTitle "FM"]
[Board "10"]
[Source "Official site"]

1. d4 Nf6 2. c4 g6 3. Nc3 Bg7 4. e4 d6 5. f3 O-O 6. Bg5 c5 7. d5 Na6 8. Qd2
Bd7 9. f4 Nc7 10. Bd3 a6 11. Nf3 b5 12. e5 Nfe8 13. O-O bxc4 14. Bxc4 Bb5
15. b3 f6 16. Bh4 Bh6 17. e6 Rb8 18. Rab1 Na8 19. Bg3 Ng7 20. Ng5 Bxg5 21. fxg5
f5 22. Bxb5 axb5 23. b4 c4 24. Bf2 Nc7 25. a4 bxa4 26. b5 a3 27. Qa2 Na8
28. Qxa3 Nb6 29. Qa7 f4 30. Bxb6 Rxb6 31. Rb4 Nf5 32. Rxf4 Ne3 33. Rxf8+ Qxf8
34. Rb1 1-0

[Event "6th Lost Boys tournament, Group A"]
[Site "Antwerp"]
[Date "1998.08.01"]
[Round "2"]
[White "Tischbierek, Raj"]
[Black "Janssen, Ruud"]
[Result "1-0"]
[WhiteElo "2515"]
[BlackElo "2345"]
[WhiteTitle "GM"]
[Board "12"]
[Source "Official site"]

1. g3 Nf6 2. Bg2 g6 3. e4 d6 4. d4 Bg7 5. Nc3 O-O 6. Nge2 c6 7. O-O e5 8. a4
Qc7 9. h3 Nbd7 10. Be3 Re8 11. g4 exd4 12. Bxd4 b6 13. Ng3 Ba6 14. Re1 h6
15. Qd2 Rad8 16. Rad1 Kh7 17. f4 Bb7 18. Rf1 Nf8 19. f5 Ng8 20. Rf3 Bxd4+
21. Qxd4 g5 22. Nh5 Re5 23. Rfd3 f6 24. h4 d5 25. hxg5 fxg5 26. exd5 cxd5
27. Qf2 Ne7 28. Nb5 Qc5 29. Rc3 Qxf2+ 30. Kxf2 Bc6 31. f6 Bxb5 32. fxe7 Re2+
33. Kg1 1-0

[Event "6th Lost Boys tournament, Group A"]
[Site "Antwerp"]
[Date "1998.08.01"]
[Round "2"]
[White "Van Hul, Chris"]
[Black "Touzane, Olivier"]
[Result "0-1"]
[WhiteElo "2235"]
[BlackElo "2375"]
[BlackTitle "IM"]
[Board "29"]
[Source "Official site"]

1. e4 c5 2. Nc3 Nc6 3. f4 e6 4. Nf3 d5 5. g3 d4 6. Ne2 c4 7. c3 d3 8. Ned4 Bd7
9. b3 Nxd4 10. Nxd4 b5 11. a4 a6 12. Ba3 b4 13. Bb2 bxc3 14. Bxc3 Bc5 15. bxc4
Qb6 16. Qb1 Qa7 17. Qxd3 Rd8 18. Nf3 Bf2+ 19. Ke2 Bc6 20. Qc2 f5 21. exf5 Nh6
22. Bh3 exf5 23. Rhf1 Be4 24. Qa2 Bd3+ 25. Kd1 Ng4 26. Kc1 Qc5 27. Qa3 Bxf1
28. Qxc5 Bxc5 29. Bxf1 O-O 30. Bg2 Rfe8 31. Ne5 Nxe5 32. fxe5 Bd4 33. Bd5+ Rxd5
34. cxd5 Bxc3 35. dxc3 Rxe5 36. Kc2 Rxd5 37. Rb1 Ra5 38. Rb8+ Kf7 39. Kb3 g5
40. Rb7+ Kg6 41. Rb6+ Kh5 42. Kb4 Re5 43. Rxa6 Re2 44. h4 f4 45. hxg5 fxg3
46. Rh6+ Kg4 47. g6 Re6 48. g7 Re8 49. Rxh7 Rb8+ 50. Ka5 g2 51. Rh8 Rg8
52. Rxg8 g1=Q 53. Ra8 Qc5+ 54. Ka6 Qc6+ 55. Ka7 Qxa4+ 56. Kb7 Qd7+ 57. Kb6 Qd6+
58. Kb7 Qe7+ 59. Kb6 Qf6+ 60. Kb5 Qxg7 61. Ra4+ Kf5 62. Rd4 Ke5 63. Kc4 Qc7+
64. Kb4 Qc6 65. Kb3 Qc5 66. Kb2 Qb5+ 67. Kc2 Qb6 68. Kd3 Qb3 69. Kd2 Qb1
70. Rb4 Qa2+ 71. Kd3 Kd5 72. Rd4+ Kc5 73. Rb4 Qg8 74. Rd4 Qb3 75. Kd2 Qb1
76. Rb4 Qf1 77. Rd4 Qf2+ 78. Kd3 Qb2 79. Rc4+ Kd5 80. Rd4+ Ke5 81. Re4+ Kf5
82. Rd4 Qc1 83. Kc4 Qc2 84. Kb4 Ke5 85. Kc4 Qb1 86. Rd2 Ke4 87. Re2+ Kf3
88. Rd2 Ke3 89. Rd4 Ke2 90. Rd6 Ke3 91. Rd4 Qb2 92. Rd3+ Ke2 93. Rd4 Qa3
94. Rd5 Qa4+ 95. Kc5 Qb3 96. c4 Ke3 97. Rd6 Ke4 98. Rd5 Qa4 99. Rd4+ Ke5
100. Rd5+ Ke6 101. Rd6+ Ke7 102. Rd5 Qa5+ 103. Kd4 Qb4 104. Kd3 Ke6 105. Kd4
Qb6+ 106. Kd3 Qb2 107. Rb5 Qc1 108. Rd5 Qa1 109. Rb5 Kd6 110. Rd5+ Kc6 111. Rb5
Qf6 112. Rd5 Qf3+ 113. Kd4 Qd1+ 114. Kc3 Qc1+ 115. Kd4 Qd2+ 116. Ke4 Qc3 0-1

[Event "6th Lost Boys tournament, Group A"]
[Site "Antwerp"]
[Date "1998.08.01"]
[Round "2"]
[White "Tondivar, Babak"]
[Black "Wantiez, Fabrice"]
[Result "1/2-1/2"]
[WhiteElo "2340"]
[BlackElo "2230"]
[WhiteTitle "FM"]
[Board "30"]
[Source "Official site"]

1. Nf3 Nf6 2. c4 g6 3. d4 Bg7 4. g3 O-O 5. Bg2 c6 6. Nc3 d5 7. cxd5 cxd5
8. Ne5 e6 9. O-O Nfd7 10. f4 Nc6 11. Be3 Nb6 12. Bf2 f5 13. Qd2 Qe7 14. Rfd1
Bd7 15. b3 Rfc8 16. Rac1 Bf8 17. Be1 Qd8 18. Kh1 Ba3 19. Rb1 Nb4 20. Nd3 Rc7
21. Nxb4 Bxb4 22. Qd3 Qe8 23. a4 Rac8 24. Rdc1 Qe7 25. Ra1 a6 26. Bd2 Be8
27. Nd1 Nd7 28. Rxc7 Rxc7 29. Rc1 Rxc1 30. Bxc1 Nb8 31. Ne3 b5 32. axb5 Bxb5
33. Qd1 Bc3 34. Nc2 Nc6 35. Ba3 Qb7 36. Bc5 Na5 37. Qc1 Bd7 38. b4 Nc4 39. Na1
Bxb4 40. Qb1 a5 41. Nc2 Nd2 42. Qb2 Qb5 43. Nxb4 Qxe2 44. h3 axb4 45. Qxb4 Bb5
46. Qa3 Qd1+ 47. Kh2 Qa4 48. Qxa4 Bxa4 49. Kg1 Bb5 50. Kf2 Kf7 51. Bb4 Nc4
52. Bf1 Ke8 53. Bxc4 dxc4 54. Ke3 Kd7 55. h4 Kc6 56. Ba5 Ba6 57. Bc3 Kb5
58. Kd2 Ka4 59. Kc2 Ka3 60. Kd2 Kb3 61. Ba5 Bc8 62. Bc3 Ka4 63. Ke3 Kb5 64. Kd2
Kc6 65. Ke3 Kd7 66. Kd2 Bb7 67. Bb4 Ke8 68. Bd6 Kf7 69. Be5 Bd5 70. Kc3 Kf8
71. Kd2 Bb7 72. Kc3 Ba6 73. Kd2 Kf7 74. Kc3 Ke7 75. Bc7 Kd7 76. Ba5 Kd6 77. Kd2
Kd5 78. Ke3 Kc6 79. Kd2 Kd6 80. Bb4+ Kd5 1/2-1/2

[Event "6th Lost Boys tournament, Group A"]
[Site "Antwerp"]
[Date "1998.08.02"]
[Round "2"]
[White "Van Herck, Marcel"]
[Black "de Jong, Migchiel"]
[Result "0-1"]
[Board "45"]
[WhiteElo "2215"]
[BlackElo "2280"]
[Source "Personal correspondence"]

1. e4 e6 2. d4 d5 3. Nd2 c5 4. exd5 Qxd5 5. Ngf3 cxd4 6. Bc4 Qd6 7. O-O Nf6
8. Nb3 Nc6 9. Nbxd4 Nxd4 10. Qxd4 Bd7 11. Bf4 Qxd4 12. Nxd4 Rc8 13. Bb3 Bc5
14. Rad1 O-O 15. h3 b5 16. c3 Rfd8 17. Nc2 a5 18. a3 Bc6 19. Be3 Be7 20. Bb6
Rxd1 21. Rxd1 a4 22. Ba2 Nd5 23. Ba5 Nf4 24. f3 Bc5+ 25. Kh2 Bd5 26. Bxd5 Nxd5
27. Bb4 Bb6 28. Bd6 f6 29. Kh1 Kf7 30. Bh2 Rd8 31. Bg1 Bc7 32. Bc5 e5 33. g3 h5
34. h4 f5 35. Kg1 f4 36. Bf2 Ke6 37. Kf1 fxg3 38. Bxg3 Ne7 39. Rxd8 Bxd8
40. Ne3 Bb6 41. Bf2 Bxe3 42. Bxe3 Nd5 0-1

[Event "6th Lost Boys tournament, Group A"]
[Site "Antwerp"]
[Date "1998.08.02"]
[Round "3"]
[White "Röder, Matthias"]
[Black "Azmaiparashvili, Zurab"]
[Result "0-1"]
[WhiteElo "2445"]
[BlackElo "2655"]
[WhiteTitle "IM"]
[BlackTitle "GM"]
[Board "1"]
[Source "Official site"]

1. d4 d6 2. Nf3 g6 3. c4 Bg7 4. Nc3 Bg4 5. g3 Qc8 6. Bg2 Bh3 7. O-O Bxg2
8. Kxg2 Nf6 9. e4 O-O 10. Bg5 h6 11. Bxf6 exf6 12. Qd3 Re8 13. b4 Nc6 14. Rab1
Ne7 15. Nd5 c6 16. Ne3 d5 17. cxd5 cxd5 18. Nxd5 Nxd5 19. exd5 Qd7 20. Qb3 Rad8
21. Rfe1 Rxe1 22. Rxe1 Bf8 23. Rc1 Kg7 24. b5 Bd6 25. a4 h5 26. Qd3 Bb4 27. Qc4
Qd6 28. Qc7 Qxd5 29. Qc4 Ba5 30. Qxd5 Rxd5 31. Rc8 g5 32. Rb8 Rd7 33. h3 Bb6
34. Kf1 Kg6 35. Ke2 Kf5 36. Kd3 h4 37. Re8 hxg3 38. fxg3 Bc7 39. g4+ Kf4
40. Ng1 Kg3 41. Re3+ Kg2 42. Ne2 Bd6 43. a5 Bf4 44. Re4 Bc7 45. Re3 Bxa5
46. Ng3 Rxd4+ 47. Kxd4 Bb6+ 48. Ke4 Bxe3 49. Nh5 Bc1 50. Nxf6 Kxh3 51. Kf5 a5
52. bxa6 bxa6 53. Ne4 a5 54. Nc5 Be3 55. Na4 Kg3 56. Nb2 Kf3 57. Na4 f6 0-1

[Event "6th Lost Boys tournament, Group A"]
[Site "Antwerp"]
[Date "1998.08.02"]
[Round "3"]
[White "Piket, Jeroen"]
[Black "Shirazi, Kamran"]
[Result "1-0"]
[WhiteElo "2605"]
[BlackElo "2410"]
[WhiteTitle "GM"]
[BlackTitle "IM"]
[Board "4"]
[Source "Official site"]

1. d4 d6 2. e4 Nf6 3. f3 e5 4. Ne2 exd4 5. Nxd4 d5 6. e5 Nfd7 7. f4 c5 8. Nf3
Nb6 9. c3 Nc6 10. Bd3 d4 11. Na3 dxc3 12. bxc3 Be6 13. Qe2 Na4 14. Bd2 Nb2
15. Be4 c4 16. Nb5 Nd3+ 17. Bxd3 cxd3 18. Qe4 g6 19. Ng5 Bf5 20. Qc4 Qd7 21. g4
Be6 22. Nxe6 fxe6 23. Nd4 Nxd4 24. cxd4 h5 25. f5 gxf5 26. gxf5 exf5 27. Rc1
Rd8 28. Rg1 b5 29. Qxd3 Qxd4 30. Qxb5+ Qd7 31. Qxd7+ Rxd7 32. Rc6 Be7 33. Ke2
Bd8 34. Re6+ Kf7 35. Reg6 Re7 36. Rg7+ Ke8 37. Rg8+ Rxg8 38. Rxg8+ Kd7
39. Rxd8+ Kxd8 40. Bg5 Kd7 41. Bxe7 Kxe7 42. Kf3 h4 43. Kf4 h3 44. Kxf5 a5
45. a4 Kf7 46. Kg4 Ke6 47. Kxh3 Kxe5 48. Kg4 Kd5 49. h4 Ke6 50. Kg5 Kf7 51. Kf5
1-0

[Event "6th Lost Boys tournament, Group A"]
[Site "Antwerp"]
[Date "1998.08.02"]
[Round "3"]
[White "Giddins, Stephen"]
[Black "Avrukh, Boris Leonidovich"]
[Result "1/2-1/2"]
[WhiteElo "2350"]
[BlackElo "2565"]
[WhiteTitle "FM"]
[BlackTitle "GM"]
[Board "5"]
[Source "Official site"]

1. Nf3 g6 2. c4 Bg7 3. Nc3 c5 4. e3 Nf6 5. d4 O-O 6. Be2 cxd4 7. exd4 d5
8. O-O Nc6 9. Re1 dxc4 10. d5 Nb4 11. Bxc4 Bg4 12. Qb3 Bxf3 13. gxf3 b5
14. Bxb5 Nbxd5 15. Nxd5 Qxd5 16. Qxd5 Nxd5 17. Bc6 Rad8 18. Bxd5 Rxd5 19. Be3
e6 20. Bxa7 Ra8 21. Be3 Bxb2 22. Rab1 Bf6 23. Re2 Rda5 24. Rb7 Rxa2 25. Rxa2
Rxa2 26. Bh6 Ra8 27. Be3 Kg7 28. Kg2 Ra4 29. Ra7 Rc4 30. Rb7 g5 31. h3 Kg6
32. Ra7 h6 33. Rb7 Ra4 34. Ra7 Rc4 35. Rb7 Be5 36. Rd7 Rc2 37. Rd2 Rc4 38. Rd7
Rc6 39. Rb7 Ra6 40. Ra7 Rd6 41. Rb7 Rd5 42. Ra7 Rd1 43. Re7 Rd3 44. Kf1 Bf4
45. Bxf4 gxf4 46. Kg2 Rd5 47. Kg1 e5 48. Kg2 Kf6 49. Re8 Rd6 50. Ra8 Kg7
51. Ra7 Rg6+ 52. Kf1 Re6 53. Kg2 Kg6 54. Kf1 f5 55. Ra8 e4 56. fxe4 fxe4
57. Ra5 Rb6 58. Re5 Rb1+ 59. Kg2 Re1 60. Kh2 Re2 61. Kg1 f3 62. Kf1 Rd2 63. Kg1
Re2 64. Kf1 h5 65. h4 Rd2 66. Kg1 Rd1+ 67. Kh2 Re1 68. Kg3 Rg1+ 69. Kf4 Rg4+
70. Ke3 Rxh4 71. Rxe4 Kg5 72. Rxh4 Kxh4 73. Kxf3 Kh3 74. Kf4 1/2-1/2

[Event "6th Lost Boys tournament, Group A"]
[Site "Antwerp"]
[Date "1998.08.02"]
[Round "3"]
[White "Leitão, Rafael Duailibe"]
[Black "de Vreugt, Dennis"]
[Result "1/2-1/2"]
[WhiteElo "2550"]
[BlackElo "2350"]
[WhiteTitle "IM"]
[Board "6"]
[Source "Official site"]

1. d4 Nf6 2. c4 g6 3. Nc3 d5 4. Bf4 Bg7 5. e3 O-O 6. Nf3 c5 7. dxc5 Ne4 8. Be5
Bxe5 9. Nxe5 Nxc3 10. bxc3 Be6 11. cxd5 Bxd5 12. c4 Be6 13. Qxd8 Rxd8 14. Be2
Nd7 15. Nxd7 Rxd7 16. Rb1 Rc8 17. Rb5 a6 18. Ra5 Rcc7 19. h3 Kg7 20. a3 Rd8
21. f4 Bf5 22. Bf3 Bd7 23. Kf2 Bc6 24. Rb1 Rd2+ 25. Kg3 Rd3 26. Bxc6 Rxc6
27. Rxb7 Rxe3+ 28. Kf2 Ree6 29. Rb6 Rxc5 30. Rxc5 Rxb6 31. a4 Rb3 32. Ra5 Rb4
33. Rxa6 Rxc4 34. Ke3 h5 35. a5 Ra4 36. Kf3 f6 37. Ra8 e5 38. fxe5 fxe5 39. a6
Kf6 40. a7 Kg7 1/2-1/2

[Event "6th Lost Boys tournament, Group A"]
[Site "Antwerp"]
[Date "1998.08.02"]
[Round "3"]
[White "Egeli, Per Ove"]
[Black "Stefánsson, Hannes Hlífar"]
[Result "0-1"]
[WhiteElo "2330"]
[BlackElo "2535"]
[BlackTitle "GM"]
[Board "7"]
[Source "Official site"]

1. Nf3 d5 2. d4 Nf6 3. Bf4 g6 4. e3 Bg7 5. Nbd2 O-O 6. Bd3 Nh5 7. Bg5 Nc6
8. c3 Qd6 9. O-O h6 10. Bh4 e5 11. dxe5 Nxe5 12. Be2 Nd7 13. Nd4 Nhf6 14. Bg3
Qb6 15. Qb3 c6 16. c4 Ne4 17. N2f3 dxc4 18. Bxc4 Qxb3 19. axb3 Nxg3 20. hxg3
Nb6 21. Be2 Rd8 22. Ra5 Bg4 23. Rd1 a6 24. Kf1 Nd7 25. b4 Bf8 26. Nc2 Nb6
27. Rxd8 Rxd8 28. Nfd4 Bd7 29. Bf3 Nc4 30. Ra2 Be7 31. Ke2 Be8 32. Be4 f5
33. Bd3 Bf7 34. b3 Nb6 35. Kf3 Nd5 0-1

[Event "6th Lost Boys tournament, Group A"]
[Site "Antwerp"]
[Date "1998.08.02"]
[Round "3"]
[White "Reinderman, Dimitri"]
[Black "van Haastert, Edwin"]
[Result "1/2-1/2"]
[WhiteElo "2540"]
[BlackElo "2345"]
[WhiteTitle "GM"]
[BlackTitle "FM"]
[Board "11"]
[Source "Official site"]

1. c4 Nf6 2. Nc3 d5 3. cxd5 Nxd5 4. g3 e5 5. Bg2 Nb6 6. Nf3 Nc6 7. O-O Be7
8. a3 O-O 9. b4 f6 10. d3 Be6 11. Ne4 Rb8 12. Nc5 Bxc5 13. bxc5 Nd5 14. Bb2 b5
15. cxb6 cxb6 16. Rc1 Qd7 17. e4 Nde7 18. d4 exd4 19. Nxd4 Nxd4 20. Qxd4 Qxd4
21. Bxd4 Rfd8 22. Bb2 Rbc8 23. f4 Kf7 24. f5 Bc4 25. Rf2 Bb5 26. Rb1 Rc5
1/2-1/2

[Event "6th Lost Boys tournament, Group A"]
[Site "Antwerp"]
[Date "1998.08.02"]
[Round "3"]
[White "Ólafsson, Helgi"]
[Black "van Beek, Lucien"]
[Result "1/2-1/2"]
[WhiteElo "2505"]
[BlackElo "2315"]
[WhiteTitle "GM"]
[Board "12"]
[Source "Official site"]

1. Nf3 Nf6 2. c4 e6 3. d4 d5 4. g3 dxc4 5. Bg2 a6 6. O-O b5 7. Ne5 Nd5 8. Nc3
Bb7 9. Nxd5 exd5 10. e4 Be7 11. exd5 Bxd5 12. Nxf7 Bxf7 13. Bxa8 c6 14. Bf4 Bd5
15. Re1 O-O 16. Bxb8 Bb4 17. Qg4 Bxe1 18. Rxe1 Rf7 19. Re5 Qxb8 20. Rxd5 Qxa8
21. Re5 Qd8 22. Qe4 Qf6 23. f4 Rd7 24. Kf2 g6 25. Ke3 Kf7 26. h4 Qd6 27. h5 Qb4
28. hxg6+ hxg6 29. Re6 Qe1+ 30. Kf3 Qf1+ 31. Ke3 Qe1+ 32. Kf3 Qf1+ 33. Ke3 Qe1+
34. Kf3 Qf1+ 35. Kg4 Qd1+ 36. Kh3 Qd3 37. Qe5 Qf1+ 38. Kh4 Qh1+ 39. Kg4 Qh5+
40. Qxh5 gxh5+ 41. Kf5 Rd5+ 42. Re5 b4 43. Ke4 1/2-1/2

[Event "6th Lost Boys tournament, Group A"]
[Site "Antwerp"]
[Date "1998.08.02"]
[Round "3"]
[White "Remmel, Tim"]
[Black "Mariasin, Boris"]
[Result "0-1"]
[WhiteElo "2235"]
[BlackElo "2380"]
[Board "29"]
[Source "Official site"]

1. e4 c5 2. Nf3 Nc6 3. d4 cxd4 4. Nxd4 Qb6 5. Nb3 Nf6 6. Nc3 e6 7. a3 d6
8. Bd3 a6 9. O-O Be7 10. Kh1 Qc7 11. f4 b5 12. Bd2 Rb8 13. Qe2 O-O 14. Rae1 b4
15. axb4 Nxb4 16. Nb5 axb5 17. Bxb4 e5 18. Qe3 Be6 19. fxe5 dxe5 20. Nc5 Qc6
21. Nxe6 Qxe6 22. Bc3 Nd7 23. Qe2 Qc6 24. Ra1 b4 25. Bd2 Nc5 26. Rf5 Nxd3
27. cxd3 Qc2 28. Rxe5 Qxb2 29. Rea5 b3 30. Qd1 Rfd8 31. Bf4 Rb7 32. Ra8 Rd7
33. h3 Rxd3 34. Qxd3 Qxa1+ 35. Rxa1 Rxd3 36. Ra8+ Rd8 37. Ra1 g5 38. Be5 f6
39. Bc3 Rc8 40. Bb2 Kf7 41. Ra7 Rc4 42. Ba3 Rxe4 43. Rb7 b2 44. Bxb2 Re1+
45. Kh2 Ke6 46. Kg3 Rf1 47. Kh2 h5 48. g4 hxg4 49. hxg4 Bd6+ 50. Kg2 Rf4
51. Bc1 Rxg4+ 52. Kf3 Rg3+ 53. Kf2 Rc3 54. Rb1 Rc2+ 55. Kf3 Bc5 56. Ke4 Rc3
57. Bxg5 f5+ 0-1

[Event "6th Lost Boys tournament, Group A"]
[Site "Antwerp"]
[Date "1998.08.02"]
[Round "3"]
[White "Wantiez, Fabrice"]
[Black "van de Oudeweetering, Arthur"]
[Result "1-0"]
[WhiteElo "2230"]
[BlackElo "2360"]
[BlackTitle "FM"]
[Board "30"]
[Source "Official site"]

1. e4 e5 2. Nf3 Nc6 3. Bb5 a6 4. Ba4 Nf6 5. O-O b5 6. Bb3 Bb7 7. c3 Nxe4 8. d4
Na5 9. Bc2 exd4 10. Nxd4 c5 11. Bxe4 Bxe4 12. Re1 d5 13. Nf5 g6 14. Ne3 Be7
15. f3 d4 16. cxd4 Bxb1 17. d5 O-O 18. Rxb1 Bf6 19. b3 Qb6 20. Kh1 Rfd8 
{My source gives 20. ... Rad8, which makes white's 27th move incomprehensible.} 21. Bb2
Bd4 22. b4 Bxb2 23. Rxb2 cxb4 24. Rxb4 Qc5 25. Rd4 Re8 26. Re4 f5 27. Re6 Rf8
28. Re5 Rfe8 29. Rxe8+ Rxe8 30. Nc2 Rxe1+ 31. Qxe1 Nc4 32. Nb4 a5 33. Nc6 Kf8
34. Qh4 Ne3 35. Qf6+ Ke8 36. Qh8+ Kd7 37. Qd8# 1-0